| 000 | 00762nam a22002297a 4500 | ||
|---|---|---|---|
| 005 | 20180803170417.0 | ||
| 008 | 170824b17731858ag ||||| |||| 00| 0 spa d | ||
| 040 |
_aCO-BoIAVH _cCO-BoIAVH |
||
| 041 | _aspa | ||
| 044 | _aag | ||
| 082 |
_a925.8 _bM98a |
||
| 110 | _aMuseo Argentino de Ciencias Naturales, Bernardino Rivadavia | ||
| 245 | 1 | 0 | _aAimé Bonpland en Sudamérica |
| 260 |
_aArgentina: _bMuseo Argentino de Ciencias Naturales, Bernardino Rivadavia, _cs.f. |
||
| 300 |
_a70. páginas _bfotografías, ilustraciones _c30 x 21 |
||
| 650 | 1 | 4 |
_aAimé Bonpland _xHistoria |
| 650 | 1 | 4 |
_aAimé Bonpland _xViajes |
| 650 | 1 | 4 | _aCientíficos |
| 650 | 1 | 4 | _aBotánicos |
| 650 | 1 | 4 | _aManuscritos |
| 942 |
_2ddc _cLIBRO |
||
| 999 |
_c19770 _d19770 |
||